000
00341nam a2200145Ia 4500
008
150201s1996 xx 000 0 und d
082
_a
617.6
_b
V1996N
100
_a
NICK NEJED
245
_a
VIVA IN DENTAL MATERIALS
250
_a
2ND
260
_b
AIPD
_a
MADRAS
_c
1996
300
_a
Jan-83
650
_a
DENTAL MATERIAL
942
_2
ddc
_c
BK
_0
1
999
_c
2528
_d
2528